|
|
|
|
| LEADER |
00971nam a2200289 a 4500 |
| 001 |
42376 |
| 003 |
BD-DhAAL |
| 005 |
20240312105256.0 |
| 008 |
240312t1992 enk 000 1 eng |
| 010 |
|
|
|a 93124862
|
| 020 |
|
|
|a 1853813230 :
|c £5.99
|
| 040 |
|
|
|a DLC
|c DLC
|d DLC
|d BD-DhAAL
|
| 043 |
|
|
|a e-uk-en
|
| 050 |
0 |
0 |
|a PR6053.H348
|b N5 1992
|
| 082 |
0 |
0 |
|a 823.914
|2 20
|
| 100 |
1 |
|
|a Chaplin, Patrice.
|9 56136
|
| 245 |
1 |
0 |
|a Night fishing :
|b an urban tale /
|c Patrice Chaplin.
|
| 260 |
|
|
|a London :
|b Virago Press,
|c 1992.
|
| 300 |
|
|
|a 198 pages ;
|c 20 cm.
|
| 541 |
|
|
|e 42376
|
| 650 |
|
0 |
|a Drug addicts
|v Fiction.
|9 56137
|
| 650 |
|
0 |
|a Youth
|x Drug use
|v Fiction.
|9 56138
|
| 651 |
|
0 |
|a London (England)
|v Fiction.
|
| 655 |
|
7 |
|a Domestic fiction.
|2 lcsh
|
| 942 |
|
|
|2 ddc
|c BK
|
| 999 |
|
|
|c 46457
|d 46457
|
| 952 |
|
|
|0 0
|1 0
|2 ddc
|4 0
|6 823_914000000000000_CHA
|7 0
|9 75247
|a SCL
|b SCL
|c GEN
|d 2024-03-12
|e Complimentary copy
|l 3
|m 1
|o 823.914 CHA
|p 3020042376
|r 2025-10-25
|s 2025-10-13
|t 1
|w 2024-03-12
|y BK
|